A copolymerized dodecacarborane anion as covalently attached cation exchanger in ion-selective sensors /
Tallennettuna:
| Päätekijä: | |
|---|---|
| Muut tekijät: | |
| Aineistotyyppi: | Artikkeli |
| Kieli: | English |
| Aiheet: | |
| Tagit: |
Lisää tagi
Ei tageja, Lisää ensimmäinen tagi!
|
| Thư viện lưu trữ: | Thư viện Trường Đại học Đà Lạt |
|---|
| LEADER | 00962nam a2200325 4500 | ||
|---|---|---|---|
| 001 | DLU090097499 | ||
| 005 | ##20091201 | ||
| 040 | # | # | |a DLU |b eng |
| 041 | # | # | |a eng |
| 044 | # | # | |a us |
| 100 | # | # | |a Qin, Yu. |
| 245 | # | # | |a A copolymerized dodecacarborane anion as covalently attached cation exchanger in ion-selective sensors / |c Yu Qin, Eric Bakker. |
| 653 | # | # | |a Carborane |
| 653 | # | # | |a Cation exchanger |
| 653 | # | # | |a Chemical sensor |
| 653 | # | # | |a Copolymerization |
| 653 | # | # | |a Ion selective electrode |
| 653 | # | # | |a Membrane |
| 653 | # | # | |a Optical sensor |
| 700 | # | # | |a Bakker, Eric. |
| 773 | # | # | |t Analytical Chemistry |g Vol. 75, no. 21 (November 2003), p. 6002-6010 |
| 920 | # | # | |a Phòng Tạp chí -- Trung tâm Thông tin - Thư viện Trường Đại học Đà Lạt |
| 994 | # | # | |a DLU |
| 900 | # | # | |a True |
| 911 | # | # | |a Trương Bảo Trâm Anh |
| 925 | # | # | |a G |
| 926 | # | # | |a A |
| 927 | # | # | |a BB |
| 980 | # | # | |a Thư viện Trường Đại học Đà Lạt |